| 000 | 00566nam a2200193 i 4500 | ||
|---|---|---|---|
| 001 | 145629 | ||
| 003 | ES-MaACL | ||
| 005 | 20230906201254.0 | ||
| 007 | t| | ||
| 008 | 071015s1950 fr ||||1| fre d | ||
| 080 | _a75"19" | ||
| 100 | 1 |
_aVenturi, Lionello. _9113927 |
|
| 245 | 1 | 3 |
_aLa peinture contemporaine / _cLionello Venturi ; [traduit de l'italien par Jean Ivanov]. |
| 260 |
_aMilán : _bUlrico Hoepli, _c[1950] |
||
| 300 |
_a74 p. : _bil. ; _c24 cm. |
||
| 650 | 4 |
_aPintura- _xS.XX. _916010 |
|
| 700 | 1 |
_aIvanov, Jean. _965656 |
|
| 852 |
_aES-MaACL _jF-9149 |
||
| 999 |
_c145629 _d145629 |
||